Marketing & komunikace časopis české marketingové společnosti

Gespeichert in:
Bibliographische Detailangaben
Format: Schriftenreihe
Sprache:Tschechisch
Veröffentlicht: Praha Česká marketingová společnost 2020
Schlagworte:
Tags: Tag hinzufügen
Keine Tags, Fügen Sie das erste Tag hinzu!

MARC

LEADER 00000nas2a2200000 4500
001 0303555
005 20240812105443.7
022 |a 1211-5622 
041 0 |a cze 
044 |a CZ 
245 1 0 |a Marketing & komunikace  |b časopis české marketingové společnosti 
264 1 |a Praha  |b Česká marketingová společnost  |c 2020 
773 0 |w eu_un_cat*s120055 
610 2 0 |a marketing 
610 2 0 |a stratégia marketingová 
610 2 0 |a nástroje marketingové